Snatak mahalar siksha tatta (Sikshar vitti) (Record no. 8416)
[ view plain ]
| 000 -LEADER | |
|---|---|
| fixed length control field | 00606cam a2200229ua 4500 |
| 008 - FIXED-LENGTH DATA ELEMENTS--GENERAL INFORMATION | |
| fixed length control field | 150807n ii |||gr||||Z||||||asm |
| 020 ## - INTERNATIONAL STANDARD BOOK NUMBER | |
| International Standard Book Number | 9788191098334 |
| 040 ## - CATALOGING SOURCE | |
| Transcribing agency | MAIN |
| 041 ## - LANGUAGE CODE | |
| -- | asm |
| 082 ## - DEWEY DECIMAL CLASSIFICATION NUMBER | |
| Classification number | 370.1 |
| 100 ## - MAIN ENTRY--PERSONAL NAME | |
| Personal name | Chaliha, Beda Kumar, |
| Relator term | |
| 245 13 - TITLE STATEMENT | |
| Title | Snatak mahalar siksha tatta (Sikshar vitti) |
| Statement of responsibility, etc. | by Beda Kumar Chaliha |
| 250 ## - EDITION STATEMENT | |
| Edition statement | 5th rev ed. |
| 260 ## - PUBLICATION, DISTRIBUTION, ETC. | |
| Place of publication, distribution, etc. | Jorhat: |
| Name of publisher, distributor, etc. | Bidya Bhawan, |
| Date of publication, distribution, etc. | 2012-13. |
| 300 ## - PHYSICAL DESCRIPTION | |
| Extent | 343p. |
| 700 ## - ADDED ENTRY--PERSONAL NAME | |
| Personal name | Saikia, Tarun, |
| Relator term | |
| 700 ## - ADDED ENTRY--PERSONAL NAME | |
| Personal name | Saikia, Runu Bora, |
| Relator term | |
| 942 ## - ADDED ENTRY ELEMENTS (KOHA) | |
| Koha item type | Books |
| 653 ## - INDEX TERM--UNCONTROLLED | |
| Uncontrolled term | Education |
| 653 ## - INDEX TERM--UNCONTROLLED | |
| Uncontrolled term | Educational theory |
| Withdrawn status | Lost status | Damaged status | Not for loan | Home library | Current library | Shelving location | Date acquired | Total Checkouts | Full call number | Barcode | Date due | Date last seen | Date last checked out | Copy number | Price effective from | Koha item type |
|---|---|---|---|---|---|---|---|---|---|---|---|---|---|---|---|---|
| Naharkatiya College Library | Naharkatiya College Library | General Stacks | 19/09/2020 | 4 | 370.1 | CHA | 21276 | 30/09/2024 | 11/09/2024 | 11/09/2024 | 1 | 19/09/2020 | Books |
